Effective Business Communication (Record no. 5963)

MARC details
000 -LEADER
fixed length control field 00308nam a2200133Ia 4500
008 - FIXED-LENGTH DATA ELEMENTS--GENERAL INFORMATION
fixed length control field 191201s2013 xx 000 0 und d
100 ## - MAIN ENTRY--PERSONAL NAME
Personal name MURPHY, Herta A
245 #0 - TITLE STATEMENT
Title Effective Business Communication
250 ## - EDITION STATEMENT
Edition statement Rep
260 ## - PUBLICATION, DISTRIBUTION, ETC. (IMPRINT)
Place of publication, distribution, etc New Delhi
Name of publisher, distributor, etc TMH
Date of publication, distribution, etc 2013
300 ## - PHYSICAL DESCRIPTION
Extent 619
650 ## - SUBJECT ADDED ENTRY--TOPICAL TERM
Topical term or geographic name as entry element BBA
942 ## - ADDED ENTRY ELEMENTS (KOHA)
Source of classification or shelving scheme Dewey Decimal Classification
Koha item type Text Books
Holdings
Withdrawn status Lost status Source of classification or shelving scheme Damaged status Not for loan Collection code Home library Current library Date acquired Source of acquisition Cost, normal purchase price Bill Number Total Checkouts Full call number Acc. no. / Barcode Date last seen Actual Cost, discounted price Bill Date Koha item type Date last borrowed
    Dewey Decimal Classification     BBA PIET C-LIBRARY PIET C-LIBRARY 28/07/2014 Orange Books International 615.00 4542   658.45 MUE 24578 04/12/2019 430.50 23/07/2014 Text Books  
    Dewey Decimal Classification     BBA PIET C-LIBRARY PIET C-LIBRARY 28/07/2014 Orange Books International 615.00 4542   658.45 MUE 24579 09/01/2023 430.50 23/07/2014 Text Books  
    Dewey Decimal Classification     BBA PIET C-LIBRARY PIET C-LIBRARY 28/07/2014 Orange Books International 615.00 4542   658.45 MUE 24580 04/12/2019 430.50 23/07/2014 Text Books  
    Dewey Decimal Classification     BBA PIET C-LIBRARY PIET C-LIBRARY 28/07/2014 Orange Books International 615.00 4542 3 658.45 MUE 24581 11/09/2024 430.50 23/07/2014 Text Books 29/08/2024
    Dewey Decimal Classification     BBA PIET C-LIBRARY PIET C-LIBRARY 28/07/2014 Orange Books International 615.00 4542   658.45 MUE 24582 13/12/2019 430.50 23/07/2014 Text Books  

Design & Developed by: PIET Central Library
R70 Miles Stone Pattikalyana Samalkha Panipat 132102
mail ID :- [email protected], Phone No:- 0180-2569700 Ex.216